[Event "FRA-chT4 1516"]
[Site "Champagne Ardennes"]
[Date "2016.02.28"]
[Round "2"]
[White "Bohr, Frederic"]
[Black "Lehmann, Kevin"]
[Result "1/2-1/2"]
[WhiteElo "1416"]
[BlackElo "350"]
[PlyCount "96"]
[EventDate "2015.12.06"]
[EventType "team-tourn"]
[EventRounds "7"]
[EventCountry "FRA"]
[SourceTitle "EXT 2024"]
[Source "ChessBase"]
[SourceDate "2023.10.10"]
[SourceVersion "1"]
[SourceVersionDate "2023.10.10"]
[SourceQuality "1"]

1. e4 e5 2. Nf3 d6 3. d4 exd4 4. Nxd4 Nf6 5. Nc3 g6 6. Bc4 Bg7 7. 0-0 0-0 8. Bg5 c6 9. Qd2 Nbd7 10. Nf3 Qc7 11. Rad1 Nb6 12. Bb3 d5 13. Rfe1 Nxe4 14. Nxe4 dxe4 15. Rxe4 Bf5 16. Re7 Qc8 17. Qd6 Nd5 18. Bxd5 cxd5 19. Qxd5 Qxc2 20. Rde1 Qxb2 21. Ne5 Bxe5 22. R7xe5 Qb6 23. Bh6 Rfd8 24. Qc4 Qc6 25. Qe2 Bd7 26. Qb2 f6 27. Re7 Rac8 28. Rg7+ Kh8 29. h3 Re8 30. Rd1 Rc7 31. Rf7 Bf5 32. Rxf6 Qc3 33. Qxc3 Rxc3 34. Rf7 Bc8 35. Rd6 Rc6 36. Rxc6 bxc6 37. Rxa7 Kg8 38. Rg7+ Kh8 39. Rc7 Be6 40. Rxc6 Bxa2 41. Rf6 Kg8 42. g4 Bf7 43. f4 Re6 44. Rxe6 Bxe6 45. Kf2 Kf7 46. Bg5 Bd7 47. Kg3 Ke6 48. Bd8 Be8 1/2-1/2